00289 2200133 4500001002100000005001500021035002000036245003800056300000700094260002200101082000800123084001200131990001200143INLIS00000000000221520250527014520 a0010-0525000507 aKimia Sehari-hari /cLisa Magloff a64 bPakar Raya,c2006 a540 a540 KIM a0713260